LEADER 00961cam0 22002531 450 001 SOBE00083343 005 20250529083439.0 100 $a20250529d1953 |||||ita|0103 ba 101 $aeng 102 $aGB 200 1 $aItalian pictures of the Renaissance$ea list of the principal artists and their works with an index of places$fby Bernhard Berenson 210 $aOxford$cClarendon Press$d1953 215 $aX, 723 p. p.$d18 cm 500 10$aItalian pictures of the Renaissance$3SOBA00033958$9266859 700 1$aBerenson$b, Bernard$3AF00009673$4070$036069 801 0$aIT$bUNISOB$c20250529$gRICA 850 $aUNISOB 852 $aUNISOB$jFondo|Calì$m182984 912 $aSOBE00083343 940 $aM 102 Monografia moderna SBN 941 $aM 957 $aFondo|Calì$b000730$gSI$d182984$n20250408$hCali$rDono$tN$1rovito$2UNISOB$3UNISOB$420250529083308.0$520250529083401.0$6rovito 996 $aItalian pictures of the Renaissance$9266859 997 $aUNISOB